| 000 | 00000nam 2200000zi 4500 |
| 001 | 9.939842 |
| 003 | CaOODSP |
| 005 | 20241127090953 |
| 006 | m o d f |
| 007 | cr mn||||||||| |
| 008 | 240626e198901##onc o f000 0 eng d |
| 040 | |aCaOODSP|beng|erda|cCaOODSP |
| 043 | |an-cn--- |
| 086 | 1 |aCo22-776/1989E-PDF |
| 245 | 00|aChallenge for change / |cHuman Resources Management Directorate. |
| 264 | 1|a[Ottawa] : |bGovernment of Canada, Department of Communications = Gouvernement du Canada, Ministère des communications, |cJanuary 1989. |
| 300 | |a1 online resource (28 pages) |
| 336 | |atext|btxt|2rdacontent |
| 337 | |acomputer|bc|2rdamedia |
| 338 | |aonline resource|bcr|2rdacarrier |
| 500 | |aIssued also in French under title: Les changements qui s'imposent. |
| 500 | |aDigitized edition from print [produced by Innovation, Science and Economic Development Canada]. |
| 610 | 10|aCanada. |bCommunications Canada|xManagement. |
| 610 | 10|aCanada. |bCommunications Canada|xPersonnel management. |
| 650 | 0|aOrganizational change|zCanada. |
| 710 | 1 |aCanada. |bCommunications Canada, |eissuing body. |
| 775 | 08|tLes changements qui s'imposent / |w(CaOODSP)9.945625 |
| 856 | 40|qPDF|s793 KB|uhttps://publications.gc.ca/collections/collection_2024/isde-ised/co22/Co22-776-1989-eng.pdf |